Statistics for Pocket Planes Africa Airports

Click here to take the quiz!

General Stats

  • This quiz has been taken 5 times
  • The average score is 22 of 36

Answer Stats

Populantion (MIllion)City% Correct
10.0Cairo
100%
3.5Cape Town
100%
3.0Casablanca
100%
4.0Johannesburg
100%
5.0Algiers
80%
2.5Dakar
80%
0.4Juba
80%
5.3Khartoum
80%
9.5Kinshasa
80%
10.0Lagos
80%
2.0Mogadishu
80%
4.0Nairobi
80%
1.8Tripoli
80%
0.3Windhoek
80%
2.8Bamako
60%
0.7Benghazi
60%
3.0Harare
60%
0.9Mombasa
60%
1.0Monrovia
60%
0.1Timbuktu
60%
2.0Zanzibar
60%
0.3Al Fashir
40%
0.4Biera
40%
3.5Durban
40%
0.8Kaduna
40%
1.7Kampala
40%
1.1Kananga
40%
0.7Kisangani
40%
0.8Lilongwe
40%
0.1Livingstone
40%
0.2Lobito
40%
0.1Mahajanga
40%
1.1Port Elizabeth
40%
3.5Port Sudan
40%
0.6Djibouti City
20%
0.0Al Salah
0%

Score Distribution

Percentile by Number Answered

Percent of People with Each Score

Your Score History

You have not taken this quiz